00333nam a2200133Ia 4500008004100000041000800041082001500049100002300064245002900087250001700116260002300133300001200156650003100168231207s9999 xx 000 0 und d aeng a621.36/RAF aRafael C. Gonzalez aDigital Image Processing a2013 3th Ed. bPearson Edu. Delhi aPB/954/ aComnputer Program Language